Name all the cities and town in the GTA: SA mod GTA: S&S - Statistics

General Stats
  • This quiz has been taken 46 times
  • The average score is 21 of 147
Answer Stats
Hint Answer % Correct
San Andreas Los Santos
76%
Capital of San Andreas San Fierro
76%
Liberty (America's Largest City) Liberty City
70%
Robada Las Venturas
64%
Capital of Leonida Vice City
61%
Capital of Aloisia Cottonmouth
48%
San Andreas Angel Pine
45%
San Andreas Blueberry
36%
Capital of Crownvetch Carcer City
36%
Capital of Robada Fort Carson
36%
San Andreas Palomino Creek
33%
Capital of Minwall Rose City
33%
Somewhere Anywhere City
30%
District of America (Federal Capital) Capital City
30%
Capital of Yankton Ludendorff
30%
San Andreas Montgomery
30%
San Andreas Bayside
27%
New Ireland Bullworth
27%
San Andreas Dillimore
27%
Capital of Cheyenne Frostwater
27%
Capital of Neijas Bison
24%
Robada Las Payasadas
24%
Capital of New Ireland New Dublin
24%
Capital of Anneland Ocean City
24%
San Andreas San Dario
24%
Capital of Inokia Windy Bay
24%
San Andreas El Quebrados
21%
Aloisia Gerrymouth
21%
Capital of Liberty Gostburg
21%
Capital of Keystone Independence City
21%
San Andreas Las Barrancas
21%
San Andreas Alamotown
18%
San Andreas Blackberry
18%
Capital of Elizabeth Dickbourg
18%
San Andreas El Cruce
18%
Capital of Cordillera Jackalope
18%
Robada Las Brujas
18%
Capital of Jameson Peachtree
18%
Capital of Lincoln Rainier
18%
Anneland Bodie
15%
San Andreas Foster Valley
15%
San Andreas Ganton
15%
San Andreas Rodeo
15%
Aloisia Yssingeaux
15%
Anneland Argal
12%
New Ireland Burlinbrook
12%
Anneland Clay
12%
Liberty Conchester
12%
Aloisia Duckriver
12%
Anneland Eldham
12%
Neijas Fort Leroy
12%
Robada Fort Williamson
12%
Cheyenne Gray Woods
12%
San Andreas Hampton Barns
12%
Robada Hidden Springs
12%
Robada Las Dunas
12%
Neijas La Vaca
12%
Robada New Eden
12%
San Andreas Pendleton
12%
Aloisia Port Toulouse
12%
San Andreas Santa Claudia
12%
Liberty Shoreside Heights
12%
Robada Smokey
12%
Crownvetch Wapona Hills
12%
Capital of Wichska Wichska City
12%
Liberty Adamtown
9%
Keystone Aurora Springs
9%
New Ireland Baybeach
9%
Crownvetch Crowntop
9%
Neijas Dryfield
9%
Inokia Dusttown
9%
Leonida Easter
9%
Lincoln Emerald Isle
9%
San Andreas Fallen Tree
9%
Jameson Fisherman
9%
Leonida Fishtown
9%
New Ireland Forest City
9%
Neijas Fort Theodore
9%
Neijas Frenchtown
9%
Cheyenne Goldenflare
9%
Cheyenne Hill Feet
9%
Cheyenne Hiram
9%
Minwall Keensland
9%
Robada Las Cenizas
9%
New Ireland Limerick
9%
Keystone Limestone
9%
Cordillera Little Heaven
9%
Yankton Lonely
9%
New Ireland Maple Point
9%
Jameson New Salford
9%
Liberty Obbeburgh
9%
San Andreas Perraloca
9%
Neijas Port Neijas
9%
Inokia Ramsett Creek
9%
Leonida Reddick
9%
Capital of Redland Redville
9%
Elizabeth Riverbank
9%
Neijas San Marcos
9%
Lincoln Secret
9%
Leonida Shady Acres
9%
New Ireland Stateville
9%
Liberty Sybany
9%
Yankton Von Papen
9%
Leonida Voylona
9%
Liberty Westbrook
9%
Elizabeth Westonville
9%
Inokia Windy Farms
9%
Liberty Wyckoff
9%
Redland Arrowknee
6%
Wichska Autumnfield
6%
Cheyenne Beaver Creek
6%
Jameson Bernton
6%
Minwall Bland
6%
Cordillera Buckaroo
6%
Cordillera Careless
6%
Neijas Carnicero
6%
Robada Chavez
6%
Somewhere Chirikov
6%
Jameson Dixietown
6%
Cordillera Dustbale
6%
Wichska Enowi
6%
Leonida Heartful
6%
Cordillera Las Almas
6%
Jameson MacBeth
6%
Lincoln McLeod
6%
Wichska New Staunton
6%
Cordillera Paradise
6%
Inokia Pindorama
6%
Redland Tsalagitown
6%
Cheyenne Whitcomb
6%
Cheyenne Whitetree
6%
Capital of Mokuloa Ainakua
3%
Somewhere Faraway
3%
Cheyenne Frederick
3%
Capital of Somewhere Gastineau
3%
Somewhere Holikachuk
3%
Mokuloa Kahakai
3%
Leonida Key Left
3%
Cheyenne Lakeside
3%
Somewhere Little Dot
3%
Yankton New Bielefield
3%
Mokuloa Nuikaia
3%
Mokuloa Oyster
3%
Mokuloa Palm City
3%
Mokuloa Palm Heights
3%
Somewhere Tongass
3%
Robada Swan Rocks Reservation
0%
No matching quizzes found
Score Distribution
Percent of People with Each Score
Percentile by Number Answered
Your Score History
You have not taken this quiz